L'apprentissage de la mathématique aujourd'hui: une didactique nouvelle pour l'enseignement de second degré
Збережено в:
| Автор: | |
|---|---|
| Формат: | Книга |
| Мова: | Французька |
| Опубліковано: |
París
O.C.D.L
1970
|
| Предмети: | |
| Теги: |
Додати тег
Немає тегів, Будьте першим, хто поставить тег для цього запису!
|
MARC
| LEADER | 00000nam a2200000 a 4500 | ||
|---|---|---|---|
| 001 | UCQ8769 | ||
| 003 | CL-VaPUC | ||
| 008 | 981217e19700000FR |||||||||||||||||fre|d | ||
| 082 | 0 | 4 | |a 510.0712 |b FLE |2 21 |
| 100 | 0 | |a Fletcher, T. J |e author |9 422980 | |
| 245 | 1 | 2 | |a L'apprentissage de la mathématique aujourd'hui: une didactique nouvelle pour l'enseignement de second degré |
| 300 | |a 391 p | ||
| 942 | |c BK | ||
| 945 | |d 19981217 00:00:00 |a cmena | ||
| 260 | |a París |b O.C.D.L |c 1970 | ||
| 650 | 0 | |a Matemática |9 260235 | |
| 650 | 0 | |a Métodos de enseñanza |9 270413 | |
| 650 | 0 | |a Matemáticas |x Enseñanza |9 875527 | |
| 583 | |a last modification |c 19981217 00:00:00 |k Rodrigo Vera | ||
| 999 | |c 277948 |d 277946 | ||
| 952 | |0 0 |1 0 |4 0 |6 510_071200000000000_FLE_1970 |7 0 |8 A |9 316239 |a BIBMAT |b BIBMAT |c E_DIDACT |d 2019-11-20 |i 1311077 |o 510.0712 FLE 1970 |p 1311077 |r 2025-01-07 |w 2019-11-20 |y BK |k MAT | ||